000
00244nam a2200097Ia 4500
008
240331s9999 xx 000 0 und d
082
_b
ANA
100
_a
Balasuriya, T.. tr.
245
3
_a
An anthology of Sinhal short stories in English
942
_c
L
999
_c
3084
_d
3084